El siglo era joven: novela

Đã lưu trong:
Chi tiết về thư mục
Tác giả chính: Aragon, Louis (Tác giả)
Định dạng: Sách
Ngôn ngữ:Tiếng Tây Ban Nha
Được phát hành: Buenos Aires Claridad 1946
Phiên bản:1a. ed
Loạt:Biblioteca de Grandes Novelas, 22
Những chủ đề:
Các nhãn: Thêm thẻ
Không có thẻ, Là người đầu tiên thẻ bản ghi này!

MARC

LEADER 00000cam a2200000 a 4500
001 UCE2445
003 CL-VaPUC
008 140703e19460000ag |||||||||||||||||spa|d
082 0 4 |a 843  |b ARA  |2 21 
100 0 |a Aragon, Louis  |e author  |9 266802 
245 1 3 |a El siglo era joven: novela 
250 |a 1a. ed 
300 |a 528 p 
942 |c BK 
945 |d 20140703 14:09:00  |a dcastane 
260 |a Buenos Aires  |b Claridad  |c 1946 
650 0 |a Novela francesa  |9 264985 
650 0 |a Literatura francesa  |9 266330 
583 |a last modification  |c 20140703 14:09:00  |k Rodrigo Vera 
490 0 |a Biblioteca de Grandes Novelas, 22 
999 |c 356046  |d 356044 
952 |0 0  |1 0  |3 erb  |4 0  |6 843_000000000000000_ARA_1946  |7 0  |8 A  |9 463121  |a BIBEDU  |b BIBEDU  |i 5048273  |o 843 ARA 1946  |p 5048273  |r 2019-11-23  |w 2019-11-23  |y BK  |z Catalogado en:20140703  |k LIT